Tagore and Japan : (Record no. 102579)

MARC details
000 -LEADER
fixed length control field 01123nam a22002657a 4500
005 - DATE AND TIME OF LATEST TRANSACTION
control field 20230614103009.0
010 ## - LCCN (DPL NO)
LC control number 1617EN ENG-118461 B-663890 ENG-137133
020 ## - INTERNATIONAL STANDARD BOOK NUMBER
International Standard Book Number 9789382059318
Terms of availability 695.00
035 ## - SYSTEM CONTROL NUMBER
System control number B-647781-782
035 ## - SYSTEM CONTROL NUMBER
System control number EN-101993 EN120665
035 ## - SYSTEM CONTROL NUMBER
System control number B-663890
037 ## - SOURCE OF ACQUISITION
Stock number dpl
Source of stock number/acquisition Bookwell
037 ## - SOURCE OF ACQUISITION
Source of stock number/acquisition DBAD/PUB
082 ## - DEWEY DECIMAL CLASSIFICATION NUMBER
Classification number 821.912
245 ## - TITLE STATEMENT
Title Tagore and Japan :
Statement of responsibility, etc edited by Banerjee [and] Kundu Anindya
Remainder of title dialogue, exchange and encounter /
260 ## - PUBLICATION, DISTRIBUTION, ETC. (IMPRINT)
Place of publication, distribution, etc New Delhi
Name of publisher, distributor, etc Synergy Book India
Date of publication, distribution, etc 2016
270 ## - ADDRESS
Address 24/4800, Ansari Road, Darya Ganj,
City New Delhi
Postal code 110002
300 ## - PHYSICAL DESCRIPTION
Extent viii,164p.
Dimensions 23cm(Hb)
Other physical details B & W Photos
500 ## - GENERAL NOTE
General note Includes index
700 ## - ADDED ENTRY--PERSONAL NAME
Personal name Banerjee, Pratyay
700 ## - ADDED ENTRY--PERSONAL NAME
Personal name Kundu, Anindya
942 ## - ADDED ENTRY ELEMENTS (KOHA)
Source of classification or shelving scheme Dewey Decimal Classification
Item type English Books
Call number suffix TAG
Classification part 821.912
Holdings
Withdrawn status Lost status Not for loan Collection code Home library Current library Date acquired Source of acquisition Cost, normal purchase price Full call number Barcode Copy number Cost, replacement price Koha item type
      Non-fiction Ashok Vihar Ashok Vihar 28/02/2018 Bookwell-BL 1028/25.2.17/443/15.2.17/1.3.17 695.00 821.912 TAG B-663890 1 695.00 English Books
      Non-fiction Central Library Central Library 09/03/2017 BPPD/EN/2016-17/287/24.11.2016/0716/7.12.2016/2.1.2017 695.00 821.912 TAG B-647781 1 695.00 English Books
    Not For Loan Reference Central Library Central Library 09/03/2017 BPPD/EN/2016-17/287/24.11.2016/0716/7.12.2016/2.1.2017 695.00 821.912 TAG B-647782 1 695.00 English Books
    Not For Loan Non-fiction D.B.Act.Division D.B.Act.Division 30/05/2017 DBAD/PUB 695.00 821.912 TAG EN-101993 1 695.00 English Books
      Non-fiction R.K.Puram-8 R.K.Puram-8 14/06/2023 DBAD/PUB 695.00 821.912 TAG EN-120665 1 695.00 English Books

© Delhi Public Library
Hit Counter
free hit counter